000 00715nam a22002295a 4500
008 170122s2016 nyua|||frb||| 001 0 eng d
020 _a1681173808
020 _a9781681173801
040 _aEG-ScBUE
_beng
_cEG-ScBUE
082 0 4 _222
_a665.7
_bFUN
245 0 0 _aFundamentals of natural gas /
_cEditor, Raju Danwate.
260 _aValley Cottage, New York :
_bSCITUS Aademics LLC,
_cc.2016.
300 _a249 p. :
_bill. ;
_c19 cm.
500 _aIndex : p. 247-249.
504 _aIncludes bibliographical references.
590 _aWessam
650 7 _2BUEsh
_92670
_a Natural gas.
651 _2BUEsh
653 _bENGPET
_cJanuary2017
700 1 _941790
_aDanwate, Raju
_eeditor
942 _2ddc
_e22
_k665.7 FUN
999 _c23992
_d23964